000 00973cam a2200325 a 4500
001 348779
005 20170105102351.0
008 850531s1985 enka b 001 0 eng
010 _a 84019925
020 _a0521265649 (U.S.)
035 _a(OCoLC)11133342
035 _a(OCoLC)ocm11133342
035 _a(CStRLIN)NYCG85-B51936
035 _a(NNC)348779
040 _dCStRLIN
050 0 _aQA329.9
_b.B67 1985
082 0 _a515.7248
_219
090 _aQA329.9
_b.B67 1985
100 1 _aBorder, Kim C.
245 1 0 _aFixed point theorems with applications to economics and game theory
_cKim C. Border.
260 _aCambridge [Cambridgeshire] ;
_aNew York :
_bCambridge University Press,
_c1985.
300 _aviii, 129 p. :
_bill. ;
_c24 cm.
500 _aIncludes index.
504 _aBibliography: p. [122]-126.
650 0 _aFixed point theory.
650 0 _aEconomics, Mathematical.
650 0 _aGame theory.
942 _2ddc
_cBK
999 _c11910
_d11910